02795na a2200433 450000100060000000300080000600500170001400800410003102000240007202000240009602000240012002000240014403500100016804000250017808200220020324508690022524600660109424600800116024600760124024600690131626000940138530000360147950002000151550501240171554600700183965100410190965100720195065100720202265100600209465100600215470000190221470000190223370000180225270000220227070000190229270000170231170000170232870000160234514451MIRAKIL20181213154907.0160908b tu 000 0  a9789754829426 (c.4) a9789754829419 (c.3) a9789754829402 (c.2) a9789754829396 (c.1) a14451 aMilasbturcTR-AnCHP a327.561bB27 2011 aBasında Türkiye-AB ilişkilerinin 50 yılı (1959-2009)b= 50 Years of Turkey-EU relations in the Turkish press (1959-2009)b= 50 Jahre EU-Türkei-Beziehungen in der Türkischen presse (1959-2009)b= 50 Ans de relations entre la Turquie l'UE dans la presse Turque (1959-2009)ceditör = editor = herausgeber = editeur Erdem Denk ; tasarım uygulama = design - application = gestaltungsumsetzung = design - pratique Volkan Kaya, Turan Bacı ; fotoğraf = photograph = fotografie = photo Volkan Kaya, Turan Bacı ; çeviri & düzelti = Translation & correction = übersetzung & bearbeitung = traduction & correction İngilizce = English = Englisch = Anglais Burcu Sümer, Erdem Denk & Firdevs Robinson, Almanca = Deutsch = Deutsch = Allemand Herald Schüler & Tevfik Turan, Fransızca =French = Frenzösisch = Français Bora Ulutaş, & Nagehan Şen aBasında Türkiye-AB ilişkilerinin elli yılı (1959-2009) a50 Ans de relations entre la Turquie l'UE dans la presse Turque (1959-2009) a50 Jahre EU-Türkei-Beziehungen in der Türkischen presse (1959-2009) a50 Years of Turkey-EU relations in the Turkish press (1959-2009) aAnkarabAnkara Üniversitesi Avrupa Toplulukları Araştırma ve Uygulama Merkezic2011 a4 c.brnkl. res.; fotg.c35 cm. aTaranan gazeteler : Hürriyet (1959-2009), Milliyet (1959-2009), (1987-2009),Yeni Çağ (2002-2009), Sabah (1987-2009), Yeni Yüzyıl(1991-2000), Radikal (1997-2009), Yeni Şafak (2000-2009) ac. 1: (30.07.1959-05-06.1999)-c. 2: (14.10.1999-06.10.2004)-c.3: (07.10.2004-03.10.2005) - c.4: (04.10.2005-24.12.2009) aTükçe, İngilizce, Almanca ve Franzsızca metinler içerir. aTürkiyexUluslararası ilişkiler aTürkiyexDış ekonomik ilişkilerzAvrupa Birliği ülkeleri aAvrupa Birliği ülkelerixDış ekonomik ilişkilerzTürkiye aAvrupa BirliğixDış ilişkileryBasınzTürkiye aTürkiyexDış ilişkileryBasınzAvrupa Birliği aŞen, Nagehan aUlutaş, Bora aTuran, Tevfik aRobinson, Firdevs aSümer, Burcu aBacı, Turan aKaya, Volkan aDenk, Erdem